Occupational Health and Safety in Construction Project Management / (Record no. 15124)
[ view plain ]
| 000 -LEADER | |
|---|---|
| fixed length control field | 01249cam a22003138a 4500 |
| 001 - CONTROL NUMBER | |
| control field | 13462601 |
| 005 - DATE AND TIME OF LATEST TRANSACTION | |
| control field | 20101019114854.0 |
| 008 - FIXED-LENGTH DATA ELEMENTS--GENERAL INFORMATION | |
| fixed length control field | 040120s2004 nyu b 001 0 eng |
| 010 ## - LIBRARY OF CONGRESS CONTROL NUMBER | |
| LC control number | 2004001226 |
| 020 ## - INTERNATIONAL STANDARD BOOK NUMBER | |
| International Standard Book Number | 0419262105 (hb : alk. paper) |
| 040 ## - CATALOGING SOURCE | |
| Original cataloging agency | DLC |
| Transcribing agency | DLC |
| Modifying agency | DLC |
| 042 ## - AUTHENTICATION CODE | |
| Authentication code | pcc |
| 050 00 - LIBRARY OF CONGRESS CALL NUMBER | |
| Classification number | TH443 |
| Item number | .L56 2004 |
| 082 00 - DEWEY DECIMAL CLASSIFICATION NUMBER | |
| Classification number | 690.22 |
| Edition number | 22 |
| Item number | LIN |
| 100 1# - MAIN ENTRY--PERSONAL NAME | |
| Personal name | Lingard, Helen. |
| 9 (RLIN) | 23112 |
| 245 10 - TITLE STATEMENT | |
| Title | Occupational Health and Safety in Construction Project Management / |
| Statement of responsibility, etc | Helen Lingard & Steve Rowlinson. |
| 260 ## - PUBLICATION, DISTRIBUTION, ETC. (IMPRINT) | |
| Place of publication, distribution, etc | New York, NY : |
| Name of publisher, distributor, etc | Spon Press, |
| Date of publication, distribution, etc | 2004. |
| 263 ## - PROJECTED PUBLICATION DATE | |
| Projected publication date | 0408 |
| 300 ## - PHYSICAL DESCRIPTION | |
| Extent | xvi, 440 p. : |
| Other physical details | ill. ; |
| Dimensions | 24 cm. |
| 504 ## - BIBLIOGRAPHY, ETC. NOTE | |
| Bibliography, etc | Includes bibliographical references and index. |
| 650 #0 - SUBJECT ADDED ENTRY--TOPICAL TERM | |
| Topical term or geographic name as entry element | Building |
| General subdivision | Safety measures. |
| 9 (RLIN) | 23113 |
| 653 ## - INDEX TERM--UNCONTROLLED | |
| Resource For college | |
| Arrived date list | April2011 |
| 700 1# - ADDED ENTRY--PERSONAL NAME | |
| Personal name | Rowlinson, Stephen M. |
| 9 (RLIN) | 23114 |
| 856 41 - ELECTRONIC LOCATION AND ACCESS | |
| Materials specified | Table of contents only |
| Uniform Resource Identifier | <a href="http://www.loc.gov/catdir/toc/ecip0414/2004001226.html">http://www.loc.gov/catdir/toc/ecip0414/2004001226.html</a> |
| 856 42 - ELECTRONIC LOCATION AND ACCESS | |
| Materials specified | Publisher description |
| Uniform Resource Identifier | <a href="http://www.loc.gov/catdir/enhancements/fy0652/2004001226-d.html">http://www.loc.gov/catdir/enhancements/fy0652/2004001226-d.html</a> |
| 942 ## - ADDED ENTRY ELEMENTS (KOHA) | |
| Source of classification or shelving scheme | Dewey Decimal Classification |
| Item type | Book - Borrowing |
| Withdrawn status | Item status | Source of classification or shelving scheme | Damaged status | Not for loan | Vendor | Home library | Current library | Shelving location | Date acquired | Source of acquisition | Cost, normal purchase price | Serial Enumeration / chronology | Total Checkouts | Total Renewals | Full call number | Barcode | Date last seen | Date last borrowed | Koha item type |
|---|---|---|---|---|---|---|---|---|---|---|---|---|---|---|---|---|---|---|---|
| Dewey Decimal Classification | Academic Bookshop | Central Library | Central Library | First floor | 18/04/2011 | 720.00 | 2066 | 3 | 38 | 690.22 LIN | 000023197 | 15/07/2025 | 03/11/2014 | Book - Borrowing |